000 00295nam a2200121 a 4500
005 20140412111328.0
008 110117s19uu xx 00 eng d
050 _aBB
_bMy99 2002
245 _aMy Big busy bus.
260 _aIndonesia :
_bPinwheel ltd,
_c2002.
300 _aunp.
999 _c104774
_d104774